Recuerdo que a la memoria del catedrático D. Raimundo de Miguel y Navas dedica... Rafael de Vega y Areta leido en la solemne apertura del curso académico de 1882 á 1883. (Record no. 167112)

MARC details
000 -LEADER
campo de control de longitud fija 00795nam a22001815i 4500
001 - NÚMERO DE CONTROL
campo de control 167112
003 - IDENTIFICADOR DE NÚMERO DE CONTROL
campo de control ES-MaACL
005 - FECHA Y HORA DE LA ÚLTIMA TRANSACCIÓN
campo de control 20250914132917.0
008 - DATOS DE LONGITUD FIJA--INFORMACIÓN GENERAL
campo de control de longitud fija 960320s1883 sp |||| | spa d
040 ## - FUENTE DE CATALOGACIÓN
Centro catalogador/agencia de origen CLM
Lengua de catalogación spa
Centro/agencia transcriptor CCPB | SIC
100 1# - ENTRADA PRINCIPAL--NOMBRE DE PERSONA
Nombre de persona Vega y Areta, Rafael de.
9 (RLIN) 133583
245 10 - MENCIÓN DEL TÍTULO
Título Recuerdo que a la memoria del catedrático D. Raimundo de Miguel y Navas dedica... Rafael de Vega y Areta leido en la solemne apertura del curso académico de 1882 á 1883.
260 ## - PUBLICACIÓN, DISTRIBUCIÓN, ETC.
Lugar de publicación, distribución, etc. Burgos :
Nombre del editor, distribuidor, etc. [s.n.],
Fecha de publicación, distribución, etc. 1883 (
Fabricante Imprenta de D. Timoteo Arnaiz)
300 ## - DESCRIPCIÓN FÍSICA
Extensión 24 p. ;
Dimensiones 21 cm.
600 14 - PUNTO DE ACCESO ADICIONAL DE MATERIA--NOMBRE DE PERSONA
Nombre de persona Miguel, Raimundo de,
Fechas asociadas al nombre 1816-1878
9 (RLIN) 242261
852 ## - LOCALIZACIÓN
Ubicación ES-MaACL
Número de control de estantería T-814-F-2
Nota libre -- Enc. hol. conservando la cub. original
-- -- Donativo del autor
-- -- Enc. en un vol. facticio
Holdings
Estatus retirado Estado de pérdida Estado de daño No para préstamo Colección Biblioteca de origen Biblioteca actual Ubicación en estantería Fecha de adquisición Total de préstamos Signatura topográfica completa Código de barras Visto por última vez Precio de reemplazo Tipo de ítem Koha
        Colección de folletos Biblioteca del Ateneo de Madrid Biblioteca del Ateneo de Madrid Depósito folletos 17/01/2008   T-814-F-2 1175299 23/02/2023 23/02/2023 Folleto